00278 a2200133 4500001000700000020002200007040001100029100001800040240003100058245002600089300000700115362000900122440001300131183441 a978-85-262-5853-2 cMagnum aGuedes, Hardy10aA loja da dona raposalpor10aA loja da dona raposa a240 a2011 1aScipione